MARC details
| 000 -LEADER |
| fixed length control field |
05322cam a2200793 i 4500 |
| 001 - CONTROL NUMBER |
| control field |
on1005218200 |
| 003 - CONTROL NUMBER IDENTIFIER |
| control field |
OCoLC |
| 005 - DATE AND TIME OF LATEST TRANSACTION |
| control field |
20200320221429.0 |
| 008 - FIXED-LENGTH DATA ELEMENTS--GENERAL INFORMATION |
| fixed length control field |
180224t20172017nyu b 001 0deng d |
| 010 ## - LIBRARY OF CONGRESS CONTROL NUMBER |
| LC control number |
2017289389 |
| 015 ## - NATIONAL BIBLIOGRAPHY NUMBER |
| National bibliography number |
GBB7F9127 |
| Source |
bnb |
| 016 7# - NATIONAL BIBLIOGRAPHIC AGENCY CONTROL NUMBER |
| Record control number |
018495468 |
| Source |
Uk |
| 019 ## - |
| -- |
985073492 |
| 020 ## - INTERNATIONAL STANDARD BOOK NUMBER |
| International Standard Book Number |
9781478992172 |
| Qualifying information |
(hardcover) |
| 020 ## - INTERNATIONAL STANDARD BOOK NUMBER |
| International Standard Book Number |
1478992174 |
| Qualifying information |
(hardcover) |
| 020 ## - INTERNATIONAL STANDARD BOOK NUMBER |
| Cancelled/invalid ISBN |
9781478992158 |
| Qualifying information |
(ebook) |
| 029 1# - (OCLC) |
| OCLC library identifier |
AU@ |
| System control number |
000061376459 |
| 029 1# - (OCLC) |
| OCLC library identifier |
UKMGB |
| System control number |
018495468 |
| 035 ## - SYSTEM CONTROL NUMBER |
| System control number |
(OCoLC)1005218200 |
| Canceled/invalid control number |
(OCoLC)985073492 |
| 040 ## - CATALOGING SOURCE |
| Original cataloging agency |
PNX |
| Language of cataloging |
eng |
| Description conventions |
rda |
| Transcribing agency |
DLC |
| Modifying agency |
PNX |
| -- |
FM0 |
| -- |
IGA |
| -- |
IK2 |
| -- |
BUR |
| -- |
BTCTA |
| -- |
YDX |
| -- |
BDX |
| -- |
BYV |
| -- |
LIV |
| -- |
IEB |
| -- |
JBL |
| -- |
GWL |
| -- |
PFLCL |
| -- |
RB0 |
| -- |
IUK |
| -- |
YOL |
| -- |
VP@ |
| -- |
RCJ |
| -- |
IBI |
| -- |
CD5 |
| -- |
T7X |
| -- |
B@L |
| -- |
HMO |
| -- |
JAI |
| -- |
LKC |
| -- |
OCLCQ |
| -- |
OCLCF |
| -- |
UKMGB |
| -- |
OCLCO |
| -- |
DKC |
| -- |
AZZPT |
| -- |
OCLCO |
| -- |
UTP |
| -- |
BDP |
| -- |
WACOL |
| 042 ## - AUTHENTICATION CODE |
| Authentication code |
lccopycat |
| 043 ## - GEOGRAPHIC AREA CODE |
| Geographic area code |
n-us--- |
| 049 ## - LOCAL HOLDINGS (OCLC) |
| Holding library |
WACL |
| 050 00 - LIBRARY OF CONGRESS CALL NUMBER |
| Classification number |
HD6060.3 |
| Item number |
.C36 2017 |
| 055 #3 - CLASSIFICATION NUMBERS ASSIGNED IN CANADA |
| Classification number |
HD6060.3 |
| Item number |
C37 |
| 082 04 - DEWEY DECIMAL CLASSIFICATION NUMBER |
| Classification number |
658.3/145 |
| Edition number |
23 |
| 092 ## - LOCALLY ASSIGNED DEWEY CALL NUMBER (OCLC) |
| Classification number |
920 |
| Item number |
Car |
| 100 1# - MAIN ENTRY--PERSONAL NAME |
| Personal name |
Carlson, Gretchen, |
| Dates associated with a name |
1966- |
| Relator term |
author. |
| 9 (RLIN) |
5974402 |
| 245 10 - TITLE STATEMENT |
| Title |
Be fierce : |
| Remainder of title |
stop harassment and take your power back / |
| Statement of responsibility, etc |
Gretchen Carlson. |
| 250 ## - EDITION STATEMENT |
| Edition statement |
First edition. |
| 264 #1 - Production, Publication, Distribution, Manufacture, and Copyright Notice. |
| Place of production, publication, distribution, manufacture |
New York ; |
| -- |
Nashville : |
| Name of producer, publisher, distributor, manufacturer |
Center Street, |
| Date of production, publication, distribution, manufacture, or copyr |
[2017] |
| 264 #4 - Production, Publication, Distribution, Manufacture, and Copyright Notice. |
| Date of production, publication, distribution, manufacture, or copyr |
©2017 |
| 300 ## - PHYSICAL DESCRIPTION |
| Extent |
244 pages ; |
| Dimensions |
23 cm |
| 336 ## - Content Type |
| Content type term |
text |
| 337 ## - Media type |
| Media type term |
unmediated |
| 338 ## - Carrier type |
| Carrier type term |
volume |
| 504 ## - BIBLIOGRAPHY, ETC. NOTE |
| Bibliography, etc |
Includes bibliographical references (pages 209-229) and index. |
| 505 0# - FORMATTED CONTENTS NOTE |
| Formatted contents note |
Introduction: Are you done taking sh*t? -- Speaking the unspeakable -- You can't break a badass -- Don't rob my dream! -- You have the right -- "Asking for it" -- Forced into silence -- Men who defend -- Enough already! -- Our children are watching -- Be fierce -- Join me. |
| 520 ## - SUMMARY, ETC. |
| Summary, etc |
The star news anchor recalls her career-risking decision to speak out against sexual harassment in the workplace, shares the stories of women who have faced similar challenges, and outlines recommendations from lawyers, psychologists, and other professionals on how to resist injustice. |
| 520 ## - SUMMARY, ETC. |
| Summary, etc |
"When star news anchor, journalist, mother of two, and former Miss America Gretchen Carlson spoke up about sexual harassment in the workplace, she had no idea what lay ahead. But now, inspired by her actions, the floodgates have opened and thousands of women are joining her to Be Fierce and reclaim their power against any abuse or injustice. In BE FIERCE, Gretchen shares her own experiences, as well as powerful and moving stories from women in many different careers and fields who decided they too weren't ready to shut up and sit down. Gretchen became a voice for the voiceless. In this revealing and timely book, Gretchen shares her views on what women can do to empower and protect themselves in the workplace or on a college campus, what to say when someone makes suggestive remarks, how an employer's Human Resources department may not always be your friend, and how forced arbitration clauses in work contracts often serve to protect companies rather than employees. Her groundbreaking message encourages women to stand up and speak up in every aspect of their lives. Gretchen also discusses why this fight will require both women and men working together to ensure that our daughters and sons will have a brighter future. BE FIERCE is a cultural movement and a motivating testament to what we can accomplish if we collectively decide to become warriors in the path for a better future. The time is now. Take back your life, your career, and your dignity."--Jacket. |
| 521 ## - TARGET AUDIENCE NOTE |
| Target audience note |
Nonfiction |
| Source |
Donation |
| 600 10 - SUBJECT ADDED ENTRY--PERSONAL NAME |
| Personal name |
Carlson, Gretchen, |
| Dates associated with a name |
1966- |
| 9 (RLIN) |
5974402 |
| 600 17 - SUBJECT ADDED ENTRY--PERSONAL NAME |
| Personal name |
Carlson, Gretchen, |
| Dates associated with a name |
1966- |
| Source of heading or term |
fast |
| -- |
(OCoLC)fst01986856 |
| 9 (RLIN) |
5974402 |
| 650 #0 - SUBJECT ADDED ENTRY--TOPICAL TERM |
| Topical term or geographic name as entry element |
Sexual harassment of women. |
| 9 (RLIN) |
6008129 |
| 650 #0 - SUBJECT ADDED ENTRY--TOPICAL TERM |
| Topical term or geographic name as entry element |
Women television journalists |
| Geographic subdivision |
United States |
| Form subdivision |
Biography. |
| 9 (RLIN) |
6008130 |
| 650 #7 - SUBJECT ADDED ENTRY--TOPICAL TERM |
| Topical term or geographic name as entry element |
BIOGRAPHY & AUTOBIOGRAPHY |
| General subdivision |
Entertainment & Performing Arts. |
| Source of heading or term |
bisacsh |
| 9 (RLIN) |
6008131 |
| 650 #7 - SUBJECT ADDED ENTRY--TOPICAL TERM |
| Topical term or geographic name as entry element |
BIOGRAPHY & AUTOBIOGRAPHY |
| General subdivision |
Personal Memoirs. |
| Source of heading or term |
bisacsh |
| 9 (RLIN) |
6008132 |
| 650 #7 - SUBJECT ADDED ENTRY--TOPICAL TERM |
| Topical term or geographic name as entry element |
BIOGRAPHY & AUTOBIOGRAPHY |
| General subdivision |
Political. |
| Source of heading or term |
bisacsh |
| 9 (RLIN) |
6008133 |
| 650 #7 - SUBJECT ADDED ENTRY--TOPICAL TERM |
| Topical term or geographic name as entry element |
BIOGRAPHY & AUTOBIOGRAPHY |
| General subdivision |
Rich & Famous. |
| Source of heading or term |
bisacsh |
| 9 (RLIN) |
6008134 |
| 650 #7 - SUBJECT ADDED ENTRY--TOPICAL TERM |
| Topical term or geographic name as entry element |
BIOGRAPHY & AUTOBIOGRAPHY |
| General subdivision |
Women. |
| Source of heading or term |
bisacsh |
| 9 (RLIN) |
6008135 |
| 650 #7 - SUBJECT ADDED ENTRY--TOPICAL TERM |
| Topical term or geographic name as entry element |
BUSINESS & ECONOMICS |
| General subdivision |
Women in Business. |
| Source of heading or term |
bisacsh |
| 9 (RLIN) |
6008136 |
| 650 #7 - SUBJECT ADDED ENTRY--TOPICAL TERM |
| Topical term or geographic name as entry element |
SOCIAL SCIENCE |
| General subdivision |
Popular Culture. |
| Source of heading or term |
bisacsh |
| 9 (RLIN) |
6008137 |
| 650 #7 - SUBJECT ADDED ENTRY--TOPICAL TERM |
| Topical term or geographic name as entry element |
SOCIAL SCIENCE |
| General subdivision |
Sexual Abuse & Harassment. |
| Source of heading or term |
bisacsh |
| 9 (RLIN) |
6008138 |
| 650 #7 - SUBJECT ADDED ENTRY--TOPICAL TERM |
| Topical term or geographic name as entry element |
SOCIAL SCIENCE |
| General subdivision |
Women's Studies. |
| Source of heading or term |
bisacsh |
| 9 (RLIN) |
6008139 |
| 650 #7 - SUBJECT ADDED ENTRY--TOPICAL TERM |
| Topical term or geographic name as entry element |
Sexual harassment of women. |
| Source of heading or term |
fast |
| -- |
(OCoLC)fst01114883 |
| 9 (RLIN) |
6008129 |
| 650 #7 - SUBJECT ADDED ENTRY--TOPICAL TERM |
| Topical term or geographic name as entry element |
Women television journalists. |
| Source of heading or term |
fast |
| -- |
(OCoLC)fst01178612 |
| 9 (RLIN) |
6008140 |
| 651 #7 - SUBJECT ADDED ENTRY--GEOGRAPHIC NAME |
| Geographic name |
United States. |
| Source of heading or term |
fast |
| -- |
(OCoLC)fst01204155 |
| 9 (RLIN) |
6008141 |
| 655 #7 - INDEX TERM--GENRE/FORM |
| Genre/form data or focus term |
Autobiographies. |
| Source of term |
fast |
| -- |
(OCoLC)fst01919894 |
| 9 (RLIN) |
5678339 |
| 655 #7 - INDEX TERM--GENRE/FORM |
| Genre/form data or focus term |
Biography. |
| Source of term |
fast |
| -- |
(OCoLC)fst01423686 |
| 9 (RLIN) |
5694263 |
| 655 #4 - INDEX TERM--GENRE/FORM |
| Genre/form data or focus term |
Autobiographies. |
| 9 (RLIN) |
5678339 |
| 655 #7 - INDEX TERM--GENRE/FORM |
| Genre/form data or focus term |
Autobiographies. |
| Source of term |
lcgft |
| 9 (RLIN) |
5678339 |
| 938 ## - |
| -- |
Brodart |
| -- |
BROD |
| -- |
119793016 |
| 938 ## - |
| -- |
Baker and Taylor |
| -- |
BTCP |
| -- |
BK0020697122 |
| 938 ## - |
| -- |
YBP Library Services |
| -- |
YANK |
| -- |
14258954 |
| 942 ## - ADDED ENTRY ELEMENTS (KOHA) |
| Koha item type |
BOOK |
| 948 ## - LOCAL PROCESSING INFORMATION (OCLC); SERIES PART DESIGNATOR (RLIN) |
| Series part designator, SPT (RLIN) |
08/08/2019 |
| z (OCLC) |
Sirsi |
| 994 ## - |
| -- |
C0 |
| -- |
WACOL |
| 996 ## - |
| -- |
168549 |
| -- |
34301001636606 |
| -- |
NF |
| -- |
bk |
| -- |
wcl |
| -- |
o |
| -- |
9 |
| -- |
27.00 |
| -- |
Donation |
| -- |
920 Car |
| -- |
08/08/2019 |
| -- |
02/20/2020 |
| -- |
02/20/2020 |